000 00463nam a2200193 4500
001 9336
005 20230410103648.0
008 060907n1998 dr spa
020 _a058231609X
035 _9funglode9413
041 _aEN
050 1 4 _a300 HN 373 S678 1998
245 0 _aSocial Europe /
_cedited by Joe Bailey
250 _a2
260 _aLondon :
_bLogman,
_c1998
300 _axv, 280 p.
700 _aBailey, Joe
942 _2lcc
_cbk
999 _c23479
_d23479